Southville International School and Colleges
Your cart is empty.
  • Cart
  • Lists
    Public lists Eva Luna New books Lux_list list_1
    Your lists Log in to create your own lists
  • Log in to your account
  • Your cookies
  • Search history
Southville International School and Colleges
  • Advanced search
  • Recent comments
  • Most popular
  • Libraries

Log in to your account

Log in with GOOGLE


If you do not have an external account, but do have a local account, you can still log in:

  1. Home
  2. MARC view: The lion book of stories of jesus /
Normal view MARC view ISBD view

The lion book of stories of jesus / (Record no. 11991)

[ view plain ]
MARC details
000 -LEADER
fixed length control field 00488nam a22001697a 4500
003 - CONTROL NUMBER IDENTIFIER
control field OSt
005 - DATE AND TIME OF LATEST TRANSACTION
control field 20140310182331.0
008 - FIXED-LENGTH DATA ELEMENTS--GENERAL INFORMATION
fixed length control field 130924t xxu||||| |||| 00| 0 eng d
050 ## - LIBRARY OF CONGRESS CALL NUMBER
Classification number BT 301
Item number .Sm642 1971
082 ## - DEWEY DECIMAL CLASSIFICATION NUMBER
Classification number GS 232.901
Item number D86 1986
100 ## - MAIN ENTRY--PERSONAL NAME
Personal name Dudley-Smith, Timothy
9 (RLIN) 21440
245 ## - TITLE STATEMENT
Title The lion book of stories of jesus /
Statement of responsibility, etc Timothy Dudley-Smith
260 ## - PUBLICATION, DISTRIBUTION, ETC. (IMPRINT)
Place of publication, distribution, etc Oxford, England :
Name of publisher, distributor, etc Lion Publishing,
Date of publication, distribution, etc c1971.
300 ## - PHYSICAL DESCRIPTION
Extent 93 p. :
Dimensions 24 cm.
942 ## - ADDED ENTRY ELEMENTS (KOHA)
Source of classification or shelving scheme Library of Congress Classification
Koha item type
Holdings
Withdrawn status Lost status Source of classification or shelving scheme Damaged status Home library Current library Shelving location Date acquired Total Checkouts Full call number Barcode Date last seen Copy number Price effective from Koha item type
    Library of Congress Classification   Luxembourg Library Luxembourg Library Grade School Section 09/24/2013   BT 301 .Sm642 1971 4232 10/28/2015 1 09/24/2013 Books

The lion book of stories of jesus /

APA

Dudley-Smith T., . (1971). The lion book of stories of jesus. Oxford, England: Lion Publishing.

Chicago

Dudley-Smith Timothy, . 1971. The lion book of stories of jesus. Oxford, England: Lion Publishing.

Harvard

Dudley-Smith T., . (1971). The lion book of stories of jesus. Oxford, England: Lion Publishing.

MLA

Dudley-Smith Timothy, . The lion book of stories of jesus. Oxford, England: Lion Publishing. 1971.

  • Place hold
  • Print
  • Cite
  • Add to your cart (remove)
  • Save record
    BIBTEX Dublin Core MARCXML MARC (non-Unicode/MARC-8) MARC (Unicode/UTF-8) MARC (Unicode/UTF-8, Standard) MODS (XML) RIS
  • More searches
    Search for this title in:
    Other Libraries (WorldCat) Other Databases (Google Scholar) Online Stores (Bookfinder.com) Open Library (openlibrary.org)

Exporting to Dublin Core...

SOUTHVILLE LIBRARY

Southville International School and Colleges Library

1281 Tropical Ave. Cor. Luxembourg St., BF Homes International, Las Pinas City

Tel. No. 8256374 / 252358 Loc. 117/146

Powered by Koha